000 00247nam a2200097Ia 4500
001 1120672
005 20250827004629.0
008 250824s9999 xx 000 0 und d
245 0 _aKENDİNİ ARAMAK
_cİHSAN FAZLIOĞLU
260 _bKETEBE YAYINCILIK
999 _c1120672
_d1120672